| 000 -ლიდერი |
| ფიქსირებული სიგრძის საკონტროლო ველი |
01548nam a2200289Ia 4500 |
| 001 - საკონტროლო ნომერი |
| საკონტროლო ველი |
16356 |
| 003 - საკონტროლო ნომრის იდენტიფიკატორი |
| საკონტროლო ველი |
GE_BSU |
| 005 - ბოლო ოპერაციის თარიღი და დრო |
| საკონტროლო ველი |
20200407180258.0 |
| 008 - ფიქსირებული სიგრძის მონაცემთა ელემენტები - ზოგადი ინფორმაცია |
| ფიქსირებული სიგრძის საკონტროლო ველი |
181216s2007ge xx |||||||||||||| ||geo|| |
| 020 ## - წიგნის საერთაშორისო სტანდარტული ნომერი |
| International Standard Book Number |
978-99940-985-0-7 |
| 040 ## - კატალოგიზაციის წყარო |
| Transcribing agency |
GE_BSU |
| 041 ## - ენის კოდი |
| Language code of text/sound track or separate title |
geo |
| 080 ## - უნივერსალური ათობითი კლასიფიკაციის ინდექსი |
| Universal Decimal Classification number |
343.9(075.8) კ-84 |
| 245 ## - ცნობა სათაურის შესახებ |
| Title |
კრიმინოლოგია = Криминология : |
| Remainder of title |
სახელმძღვ. / |
| Statement of responsibility, etc |
გ.ა. ავანესოვი ; ს.მ. ინშაკოვი ; ს.ი. ლებედევი ; ნ. ერიაშვილი ; რედ . სერგო ბარამიძე . |
| 250 ## - გამოცემის ცნობა |
| Edition statement |
მე-4 გადამუშ. და შევს. გამოც. |
| 264 ## - წარმოების, გამოცემის, დისტრიბუციის და სხვა ცნობები |
| გამოცემის, წარმოების, დისტრიბუციის... ადგილი |
თბილისი : |
| გამოცემის, წარმოების, დისტრიბუციის... სახელწოდება |
სამართლიანი საქართველო, |
| გამოცემის, წარმოების, დისტრიბუციის... თარიღი |
2007. |
| 300 ## - ფიზიკური აღწერა |
| Extent |
664 გვ;: |
| Dimensions |
20 სმ. |
| 504 ## - BIBLIOGRAPHY, ETC. NOTE |
| Bibliography, etc |
ბიბლიოგრ. ტექსტ. შენიშვნ. და გვ. 659-660. |
| 653 ## - INDEX TERM--UNCONTROLLED |
| Uncontrolled term |
კრიმინოლოგია - სახელმძღვანელოები უმაღლესი სასწავლებლებისათვის; |
| 653 ## - INDEX TERM--UNCONTROLLED |
| Uncontrolled term |
სამართალი |
| 700 ## - ADDED ENTRY--PERSONAL NAME |
| Personal name |
ავანესოვი, გ.ა. |
| 9 (RLIN) |
7860 |
| 700 ## - ADDED ENTRY--PERSONAL NAME |
| Personal name |
ინშაკოვი, ს.მ. |
| 9 (RLIN) |
7861 |
| 700 ## - ADDED ENTRY--PERSONAL NAME |
| Personal name |
ლებედევი, ს.ი. |
| 9 (RLIN) |
7862 |
| 700 ## - ADDED ENTRY--PERSONAL NAME |
| Personal name |
ერიაშვილი, ნ |
| 9 (RLIN) |
3261 |
| 700 ## - ADDED ENTRY--PERSONAL NAME |
| Personal name |
ბარამიძე, სერგო |
| Relator term |
რედაქტორი |
| 9 (RLIN) |
7863 |
| 942 ## - ADDED ENTRY ELEMENTS (KOHA) |
| Koha item type |
წიგნი |
| Source of classification or shelving scheme |
|